MDQL
is popping MORE tags! Check the
thread
!
Quizzes
Events
Quiz Creation
Community
Videos
Private Events
Remove Ads
Sign In
Join for FREE
Feedback
Dark Mode
Quiz Categories
Sports
Geography
Music
Movies
Television
Just For Fun
Miscellaneous
History
Literature
Language
Science
Gaming
Entertainment
Religion
Holiday
For Kids
Quiz Lab
Recent
Popular Today
Quiz Kudos Today
Editor Picks
Curator Picks
Quizzes by...
Day
Popularity
Type
Ratings
Length
Year
Community
Subscriptions
Recent Discussions
Orange Saloon
Badges
Playlists
Quests
Create
Leaderboards
Showdown
Live 5
Trivia Bingo
Activity
Puzzle Library
Sporcle Events
Private Events
Virtual Trivia
Globe League
Become a Host
Pub Owners
SporcleCon
Opinionation
Our Games
Videos
Blog
Mobile Apps
Partnerships
Remove Ads and Go Orange
Feedback
Music
Pop Music
The Beatles
Song
Album
Lyrics
Bands
Singers
Artist
Clip
Rock
Rap
Classical
Billboard
Country Music
Kpop
Taylor Swift
Music
Pop Music
The Beatles
Song
Album
Lyrics
Bands
Singers
Artist
Clip
Rock
Rap
Classical
Billboard
Country Music
Kpop
Taylor Swift
Random Quiz
Search Sporcle
×
Quiz Lab
Quiz Lab
Music
Lyrics
Type in answers that appear in a list
Type in answers that appear in a list
Classic
Best Score? Go Orange.
Bruce Springsteen Lyrics Stats
Can you name the Bruce Springsteen Lyrics?
By
springsteen3211
17m
50 Questions
725 Plays
725 Plays
725 Plays
Comments
Comments
Give Quiz Kudos
Give Quiz Kudos
-
- Ratings
hide this ad
Random Order
Randomize order of answers
Randomize order of answers
Replay
Link that replays current quiz
Next Quiz
Link to next quiz in quiz playlist
You Got
0%
They Got
Avg Score
63%
Avg Friend Score
Upgrade to see
Score Distribution
Jump to the score distribution portion of the page
Score
0/50
Timer
17:00
0
Plays Today
Lyrics
Song Title
% Correct
In the day we sweat it out in the streets of a runaway american dream At night we ride through mansions of glory in suicide machines
Born to Run
91.6%
Roy Orbison singing for the lonely Hey that's me and I want you only Don't turn me home again I just can't face myself alone again
Thunder Road
89.2%
Heaven's waiting on down the tracks Oh-
oh come take my hand We're riding out tonight to case the promised land
Thunder Road
89.2%
I got in a little hometown jam And so they put a rifle in my hands Sent me off to Vietnam
Born in the USA
88.8%
for my nineteenth birthday I got a union card and a wedding coat
The River
88%
Now all them things that seemed so important Well mister they vanished right into the air
The River
88%
Down on the boardwalk they're gettin ready for a fight Gonna see what them racket boys can do
Atlantic City
82.9%
Now, baby, evrything dies, honey, that's a fact but baby everything that dies someday comes back
Atlantic City
82.9%
Now I think I'm going down to the well tonight and I'm going to drink till I get my fill And I hope when I get old I don't sit around thinking about it but I probably will
Glory Days
81.9%
The midnight gang's assembled And picked a rendezvous for the night They'll meet 'neath that giant Exxon sign That brings this fair city light
Jungleland
80.2%
At night I wake up with the sheets soaking wet And a freight train running through the Middle of my head Only you can cool my desire
I'm On Fire
79.4%
Jack the Rabbit and Weak Knees Willie you know they're gonna be there Ah Sloppy Sue and Big Bones Billy they'll be comin' up for air We're gonna play some pool skip some school act
Rosalita
79.3%
There's a little cafe where they play guitars all night and day You can hear them in the back room strummin'
Rosalita
79.3%
you gotta live it every day Let the broken hearts stand As the price youve gotta pay
Badlands
76.9%
But your eyes go blind and your blood runs cold Sometimes I feel so weak I just want to explode Explode and tear this town apart
Promised Land
75.8%
Everybody needs a place to rest Everybody wants to have a home Don't make no difference what nobody says Aint nobody like to be alone
Hungry Heart
75.3%
Some brimstone baritone anti-
cyclone rolling stone preacher from the east He says: 'Dethrone the dictaphone, hit it in its funny bone, that's where they expect it least'
Blinded by the Light
69.9%
Everybody's got a secret, Sonny, Something that they just can't face, Some folks spend their whole lives trying to keep it, They carry it with them every step that they take.
Darkness on the Edge of Town
67.8%
Well Billy slammed on his coaster brakes and said anybody wanna go on up to Greasy Lake
Spirit in the Night
67.7%
I think I really dug her 'cause I was too loose to fake I said, 'I'm hurt.' She said, 'Honey let me heal it'.
Spirit in the Night
67.7%
Slow dancing in the dark on the beach at Stockton's Wing Where desperate lovers park we sat with the last of the Duke Street Kings
Backstreets
65.9%
Endless juke joints and Valentino drag where dancers scraped the tears up off the streets dressed down in rags Running into the darkness, some hurt bad, some really dying
Backstreets
65.9%
I had a jukebox graduate for first mate, she couldn't sail but she sure could sing
Growin Up
65.7%
Baby, tie your hair back in a long white bow Meet me in the fields behind the dynamo
Prove It All Night
62.2%
Through the mansions of fear, through the mansions of pain, I see my daddy walking through them factory gates in the rain
Factory
61.9%
Lyrics
Song Title
% Correct
And somebody said, 'Hey man, did you see that? His body hit the street with such a beautiful thud'
Lost in the Flood
61.6%
And I said, 'Hey kid, you think that's oil? Man, that ain't oil, that's blood'
Lost in the Flood
61.6%
I heard somebody call your name from underneath our willow I saw something tucked in shame underneath your pillow
Brilliant Disguise
61.5%
The blood rushes in my veins fire rushes towards the sky We go driving driving deep into the night
Candy's Room
61.2%
She has fancy clothes and diamond rings She has men who'll give her anything she wants but they don't see That what she wants is me, oh and I want her so
Candy's Room
61.2%
He was born a little baby on the Appalachian Trail At six months old he'd done three months in jail
Outlaw Pete
55.5%
And all we gotta do is hold up our end Here stuff this in your pocket It'll look like you're carrying a friend
Meeting Across the River
55.4%
Me and my partner Sonny built her straight out of scratch And he rides with me from town to town
Racing in the Streets
54.7%
With the eyes of one who hates for just being born For all the shut-
down strangers and hot rod angels Rumbling through this promised land
Racing in the Streets
54.7%
And the world is busting at its seams And you're just a prisoner of your dreams Holding on for your life `cause you work all day
Night
54.7%
And your cloud line urges me, and my electric surges free Crawl into my ambulance, your pulse is getting weak
For You
54.7%
And don't call for your surgeon even he says it's too late It's not your lungs this time, it's your heart that holds your fate
For You
54.7%
Goodnight, it's alright, Jane Now let them black boys in to light the soul flame We may find it out on the street tonight, baby Or we may walk until the daylight, maybe
Incident on 57th Street
54.1%
Shell let you in her heart If you got a hammer and a vise
Secret Garden
53.6%
The highway is alive tonight But nobody's kiddin' nobody about where it goes
Ghost of Tom Joad
52.5%
I can't say that Im sorry for the things that we done At least for a little while sir me and her we had us some fun
Nebraska
51.1%
They declared me unfit to live said into that great void my soul'd Be hurled
Nebraska
51.1%
And tonight you'll try just one more time To leave it all behind and to break on through Oh she can take you, but if she wants to break you She's gonna find out that ain't so easy
She's the One
48.5%
All of the old faces ask you why you're back They fit you with position and the keys to your daddy's Cadillac In the darkness of your room your mother calls you by your true name
Adam Raised a Cain
43.9%
Broadway Mary, Joan Fontaine, advertiser on a downtown train Christmas crier bustin' cane, he's in love again.
Does This Bus Stop at 82nd Street?
40.7%
And my love just grows stronger And the fever gets so bad at night
The Fever
38.1%
What if what you do to survive Kills the things you love Fear's a powerful thing, baby It can turn your heart black you can trust
Devils and Dust
36.9%
Well, she's so soft, she's so blue When he looks into her eyes, he just sits back and sighs
Kitty's Back
29.6%
Downtown the store's alive As the evening's underway Things been a little tight But I know they're gonna turn my way
Girls in Their Summer Clothes
24%
Did you hear the cops finally busted Madame Marie for tellin' fortunes better than they do
Sandy 4th of July Asbury Park
11.9%
Quiz Playlist
Details
Report
Send in Message
Add To Playlist
Classic:
Type in answers that appear in a list
Random Order:
Randomize order of answers
Last Updated: Feb 16, 2017
Quiz Scoreboard
CHALLENGE
Sign Up to Join the Scoreboard
Show All
Scores
Hide
Comments
May contain spoilers
Recently Published
5x2 Blitz: Bands
by SL_Kpop136
Music
30s
Colored Red Africa Blitz
by spor1
Geography
30s
Find the 'City' Movie
by crazypaving
Movies
60s
More to Explore
Quiz From the Vault
Featured Blog Post
14 Easter Pick-up Lines to Find Eggs With
hide this ad
You Might Also Like...
Tags
Lyrics Quiz
Song Quiz
bruce
Bruce Springsteen
Today's Top Quizzes in Music
Browse Music
hide this ad
Today's Top Quizzes in Lyrics
Browse Lyrics
Top Contributed Quizzes in Music
1
5X2 Blitz: Bands II
2
Taylor Swift All Songs (2024)
3
5X2 Blitz: The Beatles
4
5X2 Blitz: Billboard
5
Taylor Swift Logic Puzzle
6
Taylor Swift Logic Puzzle II
7
5X2 Blitz: Album
8
5X2 Blitz: Billboard II
9
Music Artist by Three 2010s hits
10
5X2 Blitz: Rock
Explore More
Trending Topics
Anime
NBA
Marvel
Kpop
Disney
Harry Potter
Crossword
Puzzle
Country
The Office
NFL
Song
Soccer
Pokémon
WWE
hide this ad
More By:
springsteen3211
Quiz
Plays
Rating
Category
Featured
Created
Bruce Springsteen Lyrics
725
3.00
Music
Dec 1, 2009
Go to Creator's Profile
Score Distribution
Quiz Creator Spotlight
springsteen3211
Follow
Send a Message
Quizzes Created
-
Created Quiz Play Count
-
More By This Creator
Popular Quizzes Today
1
Find the 'City' Movie
2
5x2 Blitz: Bands
3
Colored Red Africa Blitz
4
The Countries of the World
5
Find the US States - No Outlines Minefield
6
Find the US States
7
9x9 Crossword: Cartoon Network
8
US States
More Music Quizzes
50 Hits to Click: 2001
Published
Trending Quizzes
Colored Red Africa Blitz II
Colored Red Europe Blitz I
Colored Red Africa Blitz III
Colored Red Europe Blitz II
Colored Red Europe Blitz III
Recently Updated
Champions League XIs: Real Madrid
pecheneg
Largest US Cities 1790-2010
pecheneg
Rides in Walt Disney World
pecheneg
Most Oscar Losses (Acting)
pecheneg
Beyoncé Albums
pecheneg
Leaping Animals
pecheneg
Reality TV Shows (A-Z)
bhenderson79
Rickey Henderson's Hall of Fame Teammates
pecheneg
Champions League XIs: Arsenal
pecheneg
Quick Pick: Celebrities in WWE's Hall of Fame
aduchscher
Trending Topics
Kpop
Harry Potter
NBA
Anime
Crossword
Marvel
Disney
Pokémon
Soccer
Song
Country
Puzzle
WWE
NFL
The Office
Your Account Isn't Verified!
In order to create a playlist on Sporcle, you need to verify the email address you used during registration. Go to your
Sporcle Settings
to finish the process.
Report this User
Report this user for behavior that violates our
Community Guidelines
.
Details:
Send Report
Go to the Sporcle.com Mobile Site →
Comments